Ιστορία της ψυχιατρικής στην Ελλάδα : θεσμοί, ιδρύματα και κοινωνικό πλαίσιο 1850-1920

Αποθηκεύτηκε σε:
Λεπτομέρειες βιβλιογραφικής εγγραφής
Κύριος συγγραφέας: Πλουμπίδης, Δημήτρης Ν.
Μορφή: Βιβλίο
Γλώσσα:Greek
Δημοσίευση: Αθήνα : Εξάντας, c1995
Θέματα:
Ετικέτες: Προσθήκη ετικέτας
Δεν υπάρχουν, Καταχωρήστε ετικέτα πρώτοι!

MARC

LEADER 00000cam a2200000 i 4500
001 1/14588
008 980512s1995 gr | ||| |||| ||gre||
020 |a 9602562188 
035 |l 10019479 
040 |a GR-MY-UA  |b gre  |e aacr 
041 0 |a gre 
082 0 |a 616.8909495 
100 1 |a Πλουμπίδης, Δημήτρης Ν. 
245 1 0 |a Ιστορία της ψυχιατρικής στην Ελλάδα :  |b θεσμοί, ιδρύματα και κοινωνικό πλαίσιο 1850-1920 /  |c Δημήτρης Ν. Πλουμπίδης 
260 |a Αθήνα :   |b Εξάντας,   |c c1995 
300 |a 252 σ.  |b πιν.; σχ. 
504 |a Περιέχει βιβλιογραφία 
650 0 0 |a Psychiatry  |z Greece  |x History. 
852 |a INST  |b LESVOS  |e 19980512  |h 616.8909495 ΠΛΟ  |p 005100014125  |q 005100014125  |t BK  |y 0 
901 |a BIBL-1998-2 
909 |a Λ  |b 055773 
922 |a 1ΕΛΗ  |b 199804  |c ΚΠΣ/ΤΚΑ  |d EMVASIS 
950 |a 117-1998-01-28 
970 |z 2000/05/ΟΙΚΟΝΟΜΟΠΟΥΛΟΥ ΧΡΙΣΤΙΝΑ